000 00684nam a2200241Ia 4500
003 OSt
005 20221007063017.0
006 a|||||r|||| 00| 0
007 ta
008 221006b |||||||| |||| 00| 0 eng d
024 _a9,387
037 _cReference Collections
040 _aFLL
_cFLL
_beng
041 _2eng
_aeng
082 _aY:45:5.2.N7, M0
100 _aSethna M.J. Jehangir Au.
_9683691
245 0 _aSociety and the criminal
250 _a4th
260 _aBombay
_bN.M. Tripathi private limited India
_c1980
300 _a417p
_ccm.
942 _hY:45:5.2.N7, M0
_cREF
_2CC
999 _c1130094
_d1130094